000 00505nmm a2200169Ia 4500
008 251105s9999||||xx |||||||||||||||||und||
041 _aspa
100 _aFolch Permanye, Francesc Borja
245 0 _aEl poder del Tao
264 _a[Madrid, España] :
_bEdiciones B,
_c2015
300 _a371 páginas
650 _aSelf-help and personal development
700 _aFolch Permanye, Francesc Borja
700 1 _a Marinoff, Lou
856 _uhttps://public.digitaliapublishing.com/a/53342
942 _cCF
999 _c65551
_d65551